Nadhodnotený dolár v svetovej ekonomike bakalárska práca

Enregistré dans:
Détails bibliographiques
Auteur principal: Svoboda, Lukáš
Collectivité auteur: Národohospodárska fakulta EU. Katedra financií
Autres auteurs: Keruľ, Tomáš
Format: Livre
Langue:slovaque
Publié: Bratislava 2011
Tags: Ajouter un tag
Pas de tags, Soyez le premier à ajouter un tag!

MARC

LEADER 00000nbm a2200000 4500
001 0139654
005 20161109111636.8
041 0 |a slo 
044 |a SK 
245 1 0 |a Nadhodnotený dolár v svetovej ekonomike  |b bakalárska práca  |c Lukáš Svoboda ; školiteľ: Tomáš Keruľ 
264 1 |a Bratislava  |c 2011 
300 |a 30 s. 
100 1 |a Svoboda, Lukáš 
700 1 |a Keruľ, Tomáš 
710 2 |a Národohospodárska fakulta EU. Katedra financií